[Event "5th American Continental"]
[Site "Sao Paulo BRA"]
[Date "2009.07.27"]
[Round "4.83"]
[White "Salama, Andre Sasson"]
[Black "Borges, Leomar Barbero"]
[Result "1/2-1/2"]
[WhiteElo "1983"]
[BlackElo "2242"]
[EventDate "2009.07.25"]
[PlyCount "32"]

1.e4 Nf6 2.Nc3 d5 3.exd5 Nxd5 4.Nxd5 Qxd5 5.Qf3 Qe5+ 6.Qe3 Qxe3+ 7.dxe3 
Bf5 8.Bd3 Bxd3 9.cxd3 Nc6 10.Nf3 e5 11.Bd2 f6 12.Ke2 O-O-O 13.Rhd1 Bc5 14.
Bc3 Rhe8 15.Rac1 Bb6 16.b4 a6 1/2-1/2

[Event "5th American Continental"]
[Site "Sao Paulo BRA"]
[Date "2009.07.27"]
[Round "4.84"]
[White "Utiyama, Marcel Heimar Ribeiro"]
[Black "Vivaldo, Leonardo Vicente"]
[Result "1/2-1/2"]
[WhiteElo "2146"]
[BlackElo "2006"]
[EventDate "2009.07.25"]
[PlyCount "29"]

1.d4 d5 2.c4 e6 3.Nc3 Nf6 4.Bg5 Nbd7 5.Nf3 Be7 6.e3 O-O 7.Rc1 c6 8.Bd3 
dxc4 9.Bxc4 Nd5 10.Bxe7 Qxe7 11.O-O Nxc3 12.Rxc3 e5 13.dxe5 Nxe5 14.Nxe5 
Qxe5 15.f4 1/2-1/2

[Event "5th American Continental"]
[Site "Sao Paulo BRA"]
[Date "2009.07.27"]
[Round "4.85"]
[White "Abdalla, Jose Lucas Aurelli"]
[Black "Monteiro Neto, Cesidio Rocha"]
[Result "0-1"]
[WhiteElo "1939"]
[BlackElo "2145"]
[EventDate "2009.07.25"]
[PlyCount "70"]

1.e4 c5 2.Nf3 g6 3.d4 cxd4 4.Nxd4 Nc6 5.Nc3 Bg7 6.Nde2 Nf6 7.g3 O-O 8.Bg2 
d6 9.O-O Be6 10.h3 Rc8 11.Be3 b6 12.Rc1 Na5 13.b3 Nc6 14.Qd2 Nd7 15.Nd5 
Nde5 16.c4 Bxh3 17.f3 Bxg2 18.Kxg2 f5 19.Ndf4 Qd7 20.Qd5+ Rf7 21.Ne6 Nb4 
22.Qb5 Qxe6 23.Nf4 Qd7 24.Qxb4 g5 25.Nd5 Nd3 26.Qd2 Nxc1 27.Bxg5 fxe4 28.
Qxc1 exf3+ 29.Rxf3 Rxf3 30.Nxe7+ Kh8 31.Kxf3 Rf8+ 32.Kg2 Qg4 33.Nd5 Qe2+ 
34.Kh3 Rf7 35.Nf4 Qf3 0-1

[Event "5th American Continental"]
[Site "Sao Paulo BRA"]
[Date "2009.07.27"]
[Round "4.86"]
[White "Restuccia, Francisco"]
[Black "Pontes, Ailton"]
[Result "1-0"]
[WhiteElo "2136"]
[BlackElo "2001"]
[EventDate "2009.07.25"]
[PlyCount "85"]

1.e4 c5 2.d4 cxd4 3.c3 dxc3 4.Nxc3 e6 5.Nf3 Bb4 6.Qd4 Bxc3+ 7.bxc3 Nf6 8.
Ba3 Nc6 9.Qa4 Qa5 10.Qxa5 Nxa5 11.Nd2 d5 12.exd5 exd5 13.O-O-O Be6 14.Bb5+
Nc6 15.f3 O-O-O 16.Nb3 Kc7 17.Rhe1 Rhe8 18.g4 Nd7 19.h3 g5 20.Nd4 Nxd4 21.
cxd4 a6 22.Bd3 h6 23.Kd2 b5 24.Bb4 Kb6 25.Bd6 Rc8 26.a4 Rc6 27.Bg3 b4 28.
a5+ Kxa5 29.Ra1+ Kb6 30.Rxa6+ Kb7 31.Ra4 Rb6 32.Rea1 Nb8 33.Ra7+ Kc8 34.
Rc1+ Nc6 35.Rc7+ Kd8 36.R1xc6 Rxc6 37.Rxc6 Bd7 38.Rd6 Re6 39.Rxd5 Ke7 40.
Bf5 Bc6 41.Bxe6 fxe6 42.Rc5 Bxf3 43.Rc7+ 1-0

[Event "5th American Continental"]
[Site "Sao Paulo BRA"]
[Date "2009.07.27"]
[Round "4.88"]
[White "Palozi, Paulo Ricardo"]
[Black "Deus Filho, Joaquim de"]
[Result "0-1"]
[WhiteElo "2127"]
[BlackElo "1990"]
[EventDate "2009.07.25"]
[PlyCount "68"]

1.d4 b6 2.Nf3 Bb7 3.g3 e6 4.Bg2 c5 5.dxc5 Bxc5 6.O-O Nf6 7.c4 O-O 8.Nc3 
Ne4 9.Qc2 Nxc3 10.Qxc3 Qe7 11.b3 Rd8 12.Bb2 f6 13.Rad1 a5 14.h4 d5 15.h5 
Nd7 16.cxd5 Bxd5 17.Nh4 Rac8 18.Qd3 Ne5 19.Qb1 Bxg2 20.Kxg2 Ng4 21.Qe4 
Rxd1 22.Qxg4 Rxf1 23.Kxf1 Kf7 24.Qf3 Qd6 25.h6 Qd1+ 26.Kg2 Qd5 27.e4 Qd2 
28.Bc3 Qxf2+ 29.Qxf2 Bxf2 30.Bxa5 bxa5 31.Kxf2 Rc2+ 32.Ke3 Rxa2 33.Kd4 Rc2
34.hxg7 Kxg7 0-1

[Event "5th American Continental"]
[Site "Sao Paulo BRA"]
[Date "2009.07.27"]
[Round "4.89"]
[White "Jukemura, Leandro"]
[Black "Nery Junior, Jose Antonio"]
[Result "1-0"]
[WhiteElo "2123"]
[BlackElo "1986"]
[EventDate "2009.07.25"]
[PlyCount "83"]

1.e4 d6 2.d4 Nf6 3.Nc3 c6 4.Be3 Qa5 5.f3 e5 6.Qd2 Be7 7.Nge2 b5 8.Ng3 a6 
9.Be2 Be6 10.O-O b4 11.Nd1 exd4 12.Bxd4 c5 13.Bf2 Nc6 14.Ne3 Nd4 15.Bc4 
Rd8 16.Nd5 Nc6 17.f4 Ng4 18.Nf5 Bxf5 19.exf5 Nxf2 20.Qxf2 O-O 21.f6 Bxf6 
22.Nxf6+ gxf6 23.Qh4 Nd4 24.Bd3 f5 25.Qg5+ Kh8 26.Qf6+ Kg8 27.Rf3 Nxf3+ 
28.gxf3 c4 29.Kh1 Rfe8 30.Bxf5 Re2 31.Rg1+ Kf8 32.Bxh7 Ke8 33.Rg8+ Kd7 34.
Bf5+ Kc6 35.Rxd8 Qd5 36.Be4 Rxe4 37.Rxd6+ Qxd6 38.Qxd6+ Kxd6 39.fxe4 a5 
40.Kg2 a4 41.Kf3 b3 42.cxb3 1-0

[Event "5th American Continental"]
[Site "Sao Paulo BRA"]
[Date "2009.07.27"]
[Round "4.90"]
[White "Shiroma, Silvio Haruo"]
[Black "Neto, Eugenio Herbst"]
[Result "1-0"]
[WhiteElo "2119"]
[BlackElo "1976"]
[EventDate "2009.07.25"]
[PlyCount "87"]

1.e4 e5 2.Nf3 Nf6 3.Bc4 Nc6 4.d3 Be7 5.Bb3 O-O 6.c3 d5 7.Qe2 dxe4 8.dxe4 
Bg4 9.Nbd2 Nh5 10.Nf1 Nf4 11.Bxf4 exf4 12.N1d2 Ne5 13.Bc2 Bf6 14.O-O-O c5 
15.Kb1 Qc7 16.h3 Be6 17.Nxe5 Bxe5 18.Bb3 b5 19.Bxe6 fxe6 20.Qxb5 Bxc3 21.
Qc4 Bd4 22.Qxe6+ Kh8 23.Nf3 Rfe8 24.Qc4 Bxf2 25.Ng5 Re7 26.e5 Rb8 27.Qc2 
g6 28.Qxf2 Qxe5 29.Nf3 Qe4+ 30.Ka1 Reb7 31.Rd2 Qe7 32.Rc1 Rb5 33.Qe2 R8b7 
34.Re1 Qxe2 35.Rexe2 h6 36.Re5 Rc7 37.Rc2 Kg7 38.a3 Kf6 39.h4 a6 40.Rc4 
Rcb7 41.Rxf4+ Kg7 42.Re2 R5b6 43.Rc4 Rb5 44.Rec2 1-0

[Event "5th American Continental"]
[Site "Sao Paulo BRA"]
[Date "2009.07.27"]
[Round "4.91"]
[White "Pereira, Amanda Marques"]
[Black "Moyses Filho, Joao"]
[Result "0-1"]
[WhiteElo "1926"]
[BlackElo "2118"]
[EventDate "2009.07.25"]
[PlyCount "194"]

1.e4 e5 2.Nf3 Nc6 3.Bb5 a6 4.Ba4 d6 5.d3 Nf6 6.c3 Be7 7.O-O O-O 8.Re1 Bd7 
9.Nbd2 Ne8 10.d4 Bf6 11.Nf1 Bg4 12.d5 Nb8 13.h3 Bd7 14.Bb3 a5 15.Ne3 Na6 
16.Nf5 Qc8 17.Bc2 g6 18.Nh6+ Kh8 19.Ng5 Bxg5 20.Bxg5 f6 21.Qf3 Kg7 22.Bd2 
Kh8 23.Qg3 Ng7 24.f4 Qe8 25.Rf1 Qe7 26.Qh4 Nc5 27.fxe5 dxe5 28.Ng4 Bxg4 
29.hxg4 g5 30.Qh6 Nd7 31.Rf3 Ne8 32.Raf1 Nd6 33.Bd3 Qg7 34.Qh5 Nc5 35.Re1 
b5 36.Bc2 a4 37.Qh2 Rab8 38.Qg3 Nc4 39.Bc1 Nd6 40.Qf2 Nd7 41.b3 axb3 42.
Bxb3 Ra8 43.Qc2 Nb6 44.Be3 Nbc4 45.Bc5 Rf7 46.Rff1 Qg6 47.Qe2 Kg7 48.a4 
Na5 49.Bc2 bxa4 50.Bxa4 Nab7 51.Bc6 Rh8 52.Bf2 h5 53.gxh5 Rxh5 54.Bxb7 Qh7
55.Bg3 Nxb7 56.Qf3 Qg6 57.Kf2 Rh8 58.Rh1 Rxh1 59.Rxh1 Nd6 60.Re1 Qh7 61.
Qd3 Qh8 62.c4 Qa8 63.c5 Qa7 64.Kf1 Qxc5 65.Bf2 Qa5 66.Rc1 Qa4 67.Re1 Rd7 
68.Bc5 Rd8 69.Bxd6 cxd6 70.Rc1 Rd7 71.Rc8 Qa1+ 72.Kf2 Ra7 73.Rc2 Qh1 74.
Qh3 Qxh3 75.gxh3 Ra4 76.Kf3 Ra3+ 77.Kg4 Kg6 78.Rc6 Re3 79.Rxd6 Rxe4+ 80.
Kf3 Rf4+ 81.Kg3 Rd4 82.Rd8 Rd3+ 83.Kg2 Kf5 84.d6 Ke6 85.Re8+ Kd7 86.Rf8 
Rxd6 87.Kf3 Ke6 88.Rh8 Kf5 89.h4 g4+ 90.Kg3 Rd3+ 91.Kg2 Kf4 92.h5 f5 93.h6
Rd2+ 94.Kg1 Kf3 95.h7 Rd1+ 96.Kh2 g3+ 97.Kh3 Rh1# 0-1

[Event "5th American Continental"]
[Site "Sao Paulo BRA"]
[Date "2009.07.27"]
[Round "4.92"]
[White "Cardoso Junior, Cicero Assuncao"]
[Black "Bibiloni, Jorge Jaime"]
[Result "0-1"]
[WhiteElo "1888"]
[BlackElo "2109"]
[EventDate "2009.07.25"]
[PlyCount "48"]

1.Nf3 Nc6 2.c4 e5 3.Nc3 Nf6 4.d3 g6 5.g3 Bg7 6.Bg2 O-O 7.O-O d6 8.Be3 h6 
9.Rb1 Be6 10.b4 Ng4 11.Bd2 f5 12.b5 Ne7 13.Ne1 d5 14.Qa4 a6 15.cxd5 Nxd5 
16.Qb3 Nf4 17.Qb4 Nxg2 18.Nxg2 b6 19.a4 Re8 20.bxa6 Rxa6 21.Rfc1 Bf7 22.
Nb5 c5 23.Qb2 Rxa4 24.Bc3 Ra2 0-1

[Event "5th American Continental"]
[Site "Sao Paulo BRA"]
[Date "2009.07.27"]
[Round "4.93"]
[White "Chaves, Jorge Antonio Torres"]
[Black "Costa, Giovanni de Almeida"]
[Result "1-0"]
[WhiteElo "2102"]
[BlackElo "1931"]
[EventDate "2009.07.25"]
[PlyCount "127"]

1.d4 d5 2.c4 Bf5 3.Nc3 e6 4.Bf4 Nf6 5.e3 c6 6.cxd5 Nxd5 7.Nxd5 exd5 8.f3 
g5 9.Bxb8 Rxb8 10.Bd3 Be6 11.Ne2 Bb4+ 12.Kf2 g4 13.f4 Bd6 14.Qc2 Qf6 15.g3
h5 16.a3 h4 17.Raf1 h3 18.Ke1 Rh5 19.f5 Bd7 20.Nf4 Bxf4 21.Rxf4 Kf8 22.Kf2
Re8 23.Re1 a6 24.Re2 Bc8 25.Ke1 Re7 26.Kd2 Rg5 27.Qc5 Kg7 28.b4 Kg8 29.
Ref2 Kg7 30.Qc1 Kf8 31.Qd1 Qh6 32.f6 Re8 33.Qc2 Kg8 34.Qc5 Qf8 35.Qc3 Qd6 
36.Bc2 Qf8 37.Qd3 Qh6 38.Qe2 Bd7 39.Kc3 Kf8 40.Kb2 Be6 41.Qf1 Bd7 42.Re2 
b6 43.e4 Be6 44.e5 Rb8 45.Re3 a5 46.bxa5 bxa5+ 47.Rb3 Rxb3+ 48.Kxb3 Kg8 
49.Qa6 Qf8 50.Qxa5 c5 51.Qxc5 Qxc5 52.dxc5 Rxe5 53.Rf2 Re3+ 54.Kb4 d4 55.
Rd2 Rc3 56.Bd3 Rb3+ 57.Ka5 Rxa3+ 58.Kb6 Rb3+ 59.Kc7 Rc3 60.Kd6 Kf8 61.c6 
Ke8 62.Rb2 Bb3 63.c7 Kf8 64.Rxb3 1-0

[Event "5th American Continental"]
[Site "Sao Paulo BRA"]
[Date "2009.07.27"]
[Round "4.94"]
[White "Garcia, Liria Caetano"]
[Black "Pires, Marcos Vinicius Torsani"]
[Result "1/2-1/2"]
[WhiteElo "1837"]
[BlackElo "2100"]
[EventDate "2009.07.25"]
[PlyCount "134"]

1.d4 Nf6 2.c4 e6 3.Nc3 Bb4 4.Qc2 Nc6 5.Nf3 d6 6.e3 O-O 7.Be2 e5 8.O-O Bxc3
9.bxc3 e4 10.Nd2 Re8 11.Ba3 Bf5 12.Rfd1 Ne7 13.c5 d5 14.c4 Ng6 15.Nf1 Bg4 
16.cxd5 Qxd5 17.Rdc1 Qh5 18.Ng3 Qg5 19.Bxg4 Nxg4 20.Qe2 f5 21.h3 Nf6 22.c6
b6 23.Rcb1 a6 24.Bc1 Nd5 25.Qh5 Qxh5 26.Nxh5 Re6 27.Ng3 Nge7 28.Ba3 Rf8 
29.Rc1 Rff6 30.Bxe7 Nxe7 31.Nh5 Rh6 32.Nf4 Rd6 33.h4 Rxh4 34.d5 Rhh6 35.
Rd1 g5 36.Ne6 Nxd5 37.Nxg5 Nc3 38.Rxd6 Rxd6 39.Kf1 h6 40.Nh3 Rxc6 41.Rc1 
Rc5 42.Nf4 Kf7 43.Ke1 Na4 44.Rxc5 Nxc5 45.Nd5 Ne6 46.Kd2 Ke8 47.Kc3 Kd7 
48.a3 Kd6 49.Nf6 c5 50.g4 fxg4 51.Nxg4 h5 52.Nf6 h4 53.Nxe4+ Ke5 54.f3 h3 
55.Nf2 Nc7 56.Nxh3 Nd5+ 57.Kd3 b5 58.f4+ Kd6 59.e4 Nb6 60.Nf2 Nc4 61.e5+ 
Kd5 62.Nd1 Ke6 63.Ke4 Nd2+ 64.Kd3 Nb1 65.Ke4 Nd2+ 66.Kd3 Nb1 67.Ke4 Nd2+ 
1/2-1/2

[Event "5th American Continental"]
[Site "Sao Paulo BRA"]
[Date "2009.07.27"]
[Round "4.95"]
[White "Freitas, Julio Eimard de"]
[Black "Cajal, Andre"]
[Result "1-0"]
[WhiteElo "1870"]
[BlackElo "2092"]
[EventDate "2009.07.25"]
[PlyCount "67"]

1.d4 Nf6 2.c4 c5 3.Nf3 cxd4 4.Nxd4 g6 5.g3 Bg7 6.Bg2 O-O 7.Nc3 a6 8.O-O e6
9.Qb3 Qc7 10.Rd1 Ng4 11.Na4 Nc6 12.Nxc6 bxc6 13.c5 Qe5 14.Qc4 Qh5 15.h3 
Ne5 16.Qc2 g5 17.Be3 g4 18.h4 Rb8 19.Nb6 Rb7 20.a4 a5 21.Ra3 Ra7 22.Nxc8 
Rxc8 23.Rb3 Ng6 24.Bg5 h6 25.Bc1 Ne7 26.e4 Bf8 27.Rbd3 Rcc7 28.Rb3 Rcb7 
29.Bf4 e5 30.Rxb7 Rxb7 31.Bd2 Ra7 32.Qb3 Rc7 33.Bxa5 Rc8 34.Rxd7 1-0

[Event "5th American Continental"]
[Site "Sao Paulo BRA"]
[Date "2009.07.27"]
[Round "4.96"]
[White "Resende, Carlos Alberto Filgueir"]
[Black "Batista, Eliseu da Silva"]
[Result "0-1"]
[WhiteElo "2081"]
[BlackElo "1901"]
[EventDate "2009.07.25"]
[PlyCount "98"]

1.e4 c5 2.Nf3 Nc6 3.Nc3 e6 4.d4 cxd4 5.Nxd4 Nf6 6.Bg5 Be7 7.f4 d6 8.Be2 a6
9.Qd2 Bd7 10.O-O-O Rc8 11.Kb1 b5 12.Bf3 Qc7 13.Ndxb5 axb5 14.Nxb5 Qb8 15.
Nxd6+ Bxd6 16.Qxd6 Qxd6 17.Rxd6 h6 18.Bh4 Ne7 19.Rhd1 Bc6 20.Bxf6 gxf6 21.
b3 O-O 22.c4 Rb8 23.Kb2 Rfc8 24.R6d3 Ng6 25.g3 Kf8 26.a3 Ke7 27.h4 Nf8 28.
g4 Ng6 29.g5 fxg5 30.hxg5 Nxf4 31.Rc3 hxg5 32.Rg1 f6 33.b4 Ba4 34.e5 Rd8 
35.exf6+ Kxf6 36.c5 Rd2+ 37.Kb1 Nd5 38.Bxd5 exd5 39.Rf3+ Kg6 40.Kc1 Rc2+ 
41.Kb1 Rxc5 42.Rgf1 Rc6 43.Rg3 d4 44.Rfg1 Rb5 45.R1g2 Re5 46.Rd2 Re3 47.
Rxe3 dxe3 48.Re2 Rc3 49.Kb2 Rb3+ 0-1

[Event "5th American Continental"]
[Site "Sao Paulo BRA"]
[Date "2009.07.27"]
[Round "4.97"]
[White "Saito, Vinicius Ikezu"]
[Black "Van Riemsdijk, Marius Rombout"]
[Result "1-0"]
[WhiteElo "2080"]
[BlackElo "1854"]
[EventDate "2009.07.25"]
[PlyCount "45"]

1.d4 Nf6 2.c4 g6 3.Nc3 Bg7 4.e4 d6 5.f3 Nbd7 6.Be3 O-O 7.Qd2 e5 8.d5 a5 9.
Nh3 Nc5 10.Nf2 c6 11.g4 cxd5 12.cxd5 Bd7 13.h4 Na4 14.Ne2 Bb5 15.Ng3 Bxf1 
16.Kxf1 Nb6 17.b3 a4 18.Kg2 Nfd7 19.Nd3 Bf6 20.h5 g5 21.Nf5 Nb8 22.Qb4 
axb3 23.Bxb6 1-0

[Event "5th American Continental"]
[Site "Sao Paulo BRA"]
[Date "2009.07.27"]
[Round "4.98"]
[White "Costa, Romualdo Mendonca da"]
[Black "Mata, Luis Carlos da"]
[Result "0-1"]
[WhiteElo "1813"]
[BlackElo "2079"]
[EventDate "2009.07.25"]
[PlyCount "96"]

1.d4 Nf6 2.c4 e6 3.Nc3 Bb4 4.e3 O-O 5.Ne2 d5 6.a3 Be7 7.Nf4 c6 8.Bd3 Nbd7 
9.O-O dxc4 10.Bxc4 Qc7 11.f3 e5 12.dxe5 Nxe5 13.Bb3 Rd8 14.Qe2 a5 15.Bc2 
b6 16.Rd1 Rxd1+ 17.Nxd1 Ba6 18.Qe1 Bc5 19.Nf2 Rd8 20.b4 Bd6 21.Ne4 Nxe4 
22.Bxe4 g6 23.Bb2 axb4 24.axb4 Bc4 25.Qc3 b5 26.Nxg6 hxg6 27.f4 f6 28.fxe5
Bxe5 29.Qc2 Bxh2+ 30.Kh1 f5 31.Bxf5 Be5 32.Bxg6 Kg7 33.Bxe5+ Qxe5 34.Ra7+ 
Kf6 35.Rh7 Ra8 36.Rf7+ Bxf7 37.Qxc6+ Be6 38.Qxa8 Kxg6 39.Qe8+ Kf5 40.Qh5+ 
Ke4 41.Qxe5+ Kxe5 42.Kg1 Kd5 43.Kf2 Kc4 44.Ke2 Kxb4 45.Kd3 Ka3 46.e4 b4 
47.Kc2 b3+ 48.Kb1 b2 0-1

[Event "5th American Continental"]
[Site "Sao Paulo BRA"]
[Date "2009.07.27"]
[Round "4.99"]
[White "Silva, Sergio"]
[Black "Nobre, Jose Adalberto Barbosa"]
[Result "1-0"]
[WhiteElo "2072"]
[BlackElo "1814"]
[EventDate "2009.07.25"]
[PlyCount "41"]

1.Nf3 Nf6 2.d4 d5 3.Bg5 e6 4.e3 c5 5.c3 Nbd7 6.Nbd2 Bd6 7.Bd3 O-O 8.Qe2 
cxd4 9.exd4 Qc7 10.O-O e5 11.dxe5 Nxe5 12.Nxe5 Bxe5 13.f4 Bxc3 14.bxc3 Re8
15.Qf3 Ng4 16.h3 Qc5+ 17.Kh1 Re3 18.Rae1 f6 19.Rxe3 fxg5 20.fxg5 Bf5 21.
hxg4 1-0

[Event "5th American Continental"]
[Site "Sao Paulo BRA"]
[Date "2009.07.28"]
[Round "4.100"]
[White "Riboldi, Mario Garcia"]
[Black "Torres, Douglas da Silva"]
[Result "0-1"]
[WhiteElo "1696"]
[BlackElo "2069"]
[EventDate "2009.07.25"]
[PlyCount "32"]

1.d4 Nf6 2.c4 e6 3.Nc3 Bb4 4.g3 O-O 5.Bg2 d5 6.Qb3 c5 7.e3 Nc6 8.cxd5 exd5
9.Bd2 cxd4 10.exd4 Nxd4 11.Qd1 Bf5 12.Rc1 Rc8 13.Nge2 Bxc3 14.Nxc3 Qe7+ 
15.Be3 Nc2+ 16.Ke2 d4 0-1

[Event "5th American Continental"]
[Site "Sao Paulo BRA"]
[Date "2009.07.27"]
[Round "4.101"]
[White "Gotz, Klaus Seiji Furucho"]
[Black "Santana, Anderson Pereira"]
[Result "0-1"]
[WhiteElo "1541"]
[BlackElo "2063"]
[EventDate "2009.07.25"]
[PlyCount "88"]

1.d4 Nf6 2.c4 e5 3.dxe5 Ng4 4.e4 Nxe5 5.Nf3 Nbc6 6.a3 d6 7.Nc3 Bg4 8.b3 
Nxf3+ 9.gxf3 Bh5 10.Be2 g6 11.Bb2 Bg7 12.Na4 Bxb2 13.Nxb2 Qf6 14.Rb1 Nd4 
15.Rf1 Bxf3 16.Bxf3 Nxf3+ 17.Ke2 Nxh2 18.Rg1 Qf3+ 19.Kd2 Qxf2+ 20.Kc3 Qf6+
21.Kc2 Qf2+ 22.Kc3 Nf3 23.Rf1 Qe3+ 24.Qd3 Qxd3+ 25.Nxd3 Ne5 26.Nf4 c6 27.
Rbd1 Ke7 28.Rd2 g5 29.Nh5 Rad8 30.Ng3 f6 31.Nf5+ Ke6 32.Ng7+ Kf7 33.Nf5 b6
34.Nh6+ Kg6 35.Nf5 h5 36.Nxd6 Rd7 37.Nf5 Rxd2 38.Kxd2 Rd8+ 39.Kc2 Rd7 40.
Kc3 h4 41.Rg1 Kh5 42.Kc2 Nf3 43.Rf1 Nd4+ 44.Nxd4 Rxd4 0-1

[Event "5th American Continental"]
[Site "Sao Paulo BRA"]
[Date "2009.07.27"]
[Round "4.102"]
[White "Martinez, Daniel"]
[Black "Cirilo, Guilherme de Araujo"]
[Result "0-1"]
[WhiteElo "2060"]
[BlackElo "1803"]
[EventDate "2009.07.25"]
[PlyCount "88"]

1.e4 c6 2.d4 d5 3.Nc3 dxe4 4.Nxe4 Bf5 5.Ng3 Bg6 6.Bc4 e6 7.N1e2 Bd6 8.O-O 
Nf6 9.f4 O-O 10.f5 exf5 11.Nxf5 Bxf5 12.Rxf5 c5 13.d5 Nbd7 14.Bg5 Qc7 15.
h3 a6 16.c3 Rfe8 17.Bf4 Bxf4 18.Rxf4 Qd6 19.Qf1 b5 20.Bb3 Rxe2 21.Rxf6 
Rxg2+ 22.Qxg2 Nxf6 23.c4 Re8 24.Rf1 Re3 25.Rf3 Re1+ 26.Rf1 Rxf1+ 27.Qxf1 
Qg3+ 28.Qg2 Qxg2+ 29.Kxg2 Kf8 30.a4 bxa4 31.Bxa4 Ne4 32.Bc2 Nd6 33.b3 a5 
34.Bd3 Ke7 35.Kf3 Kf6 36.Kf4 h6 37.Bc2 a4 38.b4 cxb4 39.c5 b3 40.Bd1 Nb5 
41.c6 Ke7 42.Be2 Nc3 43.Bf3 Kd6 44.Ke3 b2 0-1

[Event "5th American Continental"]
[Site "Sao Paulo BRA"]
[Date "2009.07.27"]
[Round "4.103"]
[White "Chang, Suzana"]
[Black "Medina, Diana Sanroman Baeta"]
[Result "1-0"]
[WhiteElo "2047"]
[BlackElo "1699"]
[EventDate "2009.07.25"]
[PlyCount "57"]

1.d4 c6 2.c4 d5 3.cxd5 cxd5 4.Nc3 Nf6 5.Nf3 Nc6 6.Bf4 Qb6 7.Na4 Qa5+ 8.Nc3
Ne4 9.Qb3 e6 10.e3 Bb4 11.Rc1 O-O 12.Bd3 Nxc3 13.bxc3 Be7 14.O-O a6 15.c4 
Nb4 16.Bb1 dxc4 17.Rxc4 b5 18.Rc7 Bd8 19.Rcc1 Bb7 20.Bd6 Nxa2 21.Qxa2 Re8 
22.Ne5 Qb6 23.Bc5 Qc7 24.Bb4 Qb8 25.Qe2 Bc7 26.Bxh7+ Kxh7 27.Qh5+ Kg8 28.
Qxf7+ Kh7 29.Rxc7 1-0

[Event "5th American Continental"]
[Site "Sao Paulo BRA"]
[Date "2009.07.27"]
[Round "4.110"]
[White "Britez, Jorge Antonio Gonzales"]
[Black "Roland, Marcos Maldonado"]
[Result "1-0"]
[WhiteElo "1877"]
[BlackElo "2155"]
[EventDate "2009.07.25"]
[PlyCount "123"]

1.e4 c5 2.Nf3 g6 3.Nc3 Nc6 4.d4 cxd4 5.Nxd4 Bg7 6.Be3 Nf6 7.Bc4 O-O 8.Bb3 
a5 9.a4 Ng4 10.Qxg4 Nxd4 11.Qd1 Nxb3 12.cxb3 d6 13.Qd2 f5 14.O-O fxe4 15.
Nxe4 Bf5 16.Ng3 Rc8 17.Rac1 Rc6 18.b4 d5 19.Rfd1 Rd6 20.Bc5 Rd7 21.bxa5 d4
22.Qb4 d3 23.Qb3+ Kh8 24.Bb6 Qe8 25.Nxf5 gxf5 26.Rxd3 Rxd3 27.Qxd3 Qxa4 
28.b3 Qa3 29.Rc7 Be5 30.Rd7 Rc8 31.g3 f4 32.Qe4 Qa1+ 33.Kg2 Rf8 34.Qxe5+ 
Qxe5 35.Bd4 Qxd4 36.Rxd4 fxg3 37.hxg3 Rf5 38.b4 Rb5 39.Kf3 Kg7 40.Ke4 e5 
41.Rc4 Kf6 42.Kd3 Rd5+ 43.Kc3 Rd7 44.Kb3 Ke6 45.Ka4 Kd5 46.Kb5 e4 47.Rc5+ 
Kd6 48.Rc1 Rf7 49.Rc2 h5 50.Kb6 Kd5 51.Rc7 Rxf2 52.Rxb7 Rf6+ 53.Kb5 e3 54.
Rd7+ Rd6 55.Rc7 e2 56.Rc1 Ke4 57.Re1 Ke3 58.a6 Kf2 59.Rxe2+ Kxe2 60.a7 Rd8
61.Kc6 Rc8+ 62.Kb7 1-0

[Event "5th American Continental"]
[Site "Sao Paulo BRA"]
[Date "2009.07.27"]
[Round "4.111"]
[White "Oliveira, Francemir Barra de"]
[Black "Azevedo, Alcides Alexandre"]
[Result "0-1"]
[WhiteElo "1861"]
[BlackElo "2105"]
[EventDate "2009.07.25"]
[PlyCount "28"]

1.e4 c5 2.Nf3 d6 3.d4 cxd4 4.Nxd4 Nf6 5.Nc3 a6 6.Bc4 e6 7.Be2 Qc7 8.Bg5 
Be7 9.O-O b5 10.Bd3 Bb7 11.Re1 Nbd7 12.f4 Qb6 13.Ne2 e5 14.Kh1 exd4 0-1

[Event "5th American Continental"]
[Site "Sao Paulo BRA"]
[Date "2009.07.27"]
[Round "4.112"]
[White "Chiari, Arthur Gontijo"]
[Black "Cella, Glaucio Dalla Cortt"]
[Result "1-0"]
[WhiteElo "1854"]
[BlackElo "2044"]
[EventDate "2009.07.25"]
[PlyCount "73"]

1.e4 d5 2.exd5 Nf6 3.d4 Nxd5 4.c4 Nf6 5.Nc3 Bf5 6.Nf3 e6 7.Be3 Nbd7 8.Be2 
c6 9.O-O Bd6 10.d5 exd5 11.cxd5 c5 12.Re1 O-O 13.Bg5 a6 14.Nh4 Bg6 15.Nxg6
hxg6 16.Bf3 Ne5 17.Ne4 Nxf3+ 18.Qxf3 Be5 19.Nxc5 Bxh2+ 20.Kh1 b6 21.Ne4 
Be5 22.Nxf6+ Bxf6 23.Bxf6 Qxf6 24.Qxf6 gxf6 25.Rac1 Rfd8 26.Red1 Rd6 27.
Rc6 Rad8 28.Rxd6 Rxd6 29.g4 g5 30.Kg2 Kg7 31.Kf3 f5 32.gxf5 Kf6 33.Ke4 Rd8
34.d6 Re8+ 35.Kd5 Re2 36.Kc6 Rc2+ 37.Kb7 1-0

[Event "5th American Continental"]
[Site "Sao Paulo BRA"]
[Date "2009.07.27"]
[Round "4.113"]
[White "Branchini, Fernando Luis Sakamot"]
[Black "Reis, Alan de Albuquerque Maranha"]
[Result "0-1"]
[WhiteElo "1838"]
[BlackElo "2026"]
[EventDate "2009.07.25"]
[PlyCount "104"]

1.e4 e6 2.d4 d5 3.e5 c5 4.Nf3 Nc6 5.c3 cxd4 6.cxd4 Nge7 7.Na3 Nf5 8.Nc2 
Be7 9.Be2 O-O 10.O-O Qb6 11.Bd3 g6 12.Bxf5 exf5 13.Bh6 Re8 14.Qd2 Be6 15.
Bg5 Qd8 16.Bh6 Rc8 17.g3 f4 18.Qxf4 Nxe5 19.Qxe5 Bf6 20.Qe2 Bh3 21.Qd2 
Bxf1 22.Rxf1 Qb6 23.Ne3 Qe6 24.Bf4 Qe4 25.Ng4 Bg7 26.Ng5 Qxd4 27.Nh6+ Kf8 
28.Bd6+ Re7 29.Bxe7+ Kxe7 30.Re1+ Kd7 31.Qxd4 Bxd4 32.Nhxf7 Rc2 33.Nh3 
Bxb2 34.Rb1 b6 35.Rd1 Kc6 36.Nd8+ Kc5 37.Ne6+ Kc4 38.Nhf4 d4 39.Kf1 Bc3 
40.Ne2 d3 41.Nxc3 Kxc3 42.a3 Rd2 43.Rxd2 Kxd2 44.Nd4 Kc1 45.g4 Kd2 46.Nf3+
Kc3 47.Ke1 b5 48.Kd1 a5 49.Ng5 b4 50.axb4 axb4 51.f4 Kd4 52.Kd2 b3 0-1

[Event "5th American Continental"]
[Site "Sao Paulo BRA"]
[Date "2009.07.27"]
[Round "4.114"]
[White "Mendes, David"]
[Black "Ferreira, Jose Carlos"]
[Result "0-1"]
[WhiteElo "1827"]
[BlackElo "2013"]
[EventDate "2009.07.25"]
[PlyCount "112"]

1.d4 c5 2.d5 f5 3.Nf3 Nf6 4.c4 d6 5.Nc3 g6 6.Qc2 Na6 7.a3 Bg7 8.e4 fxe4 9.
Nxe4 Nxe4 10.Qxe4 Bf5 11.Qh4 Qa5+ 12.Bd2 Qb6 13.Bc3 Bxc3+ 14.bxc3 Qb2 15.
Rd1 Qxc3+ 16.Rd2 Qc1+ 17.Rd1 Qxa3 18.Be2 Qc3+ 19.Rd2 Qf6 20.Qxf6 exf6 21.
Rb2 Nb4 22.Kd2 O-O 23.Ne1 Rfe8 24.Nd3 Bxd3 25.Bxd3 Re7 26.Rhb1 a5 27.Ra1 
b6 28.Kc3 Rae8 29.g3 Kf7 30.h4 Re5 31.Bf1 h5 32.Kb3 Ke7 33.Ka4 Kd8 34.Kb5 
Kc7 35.Rd2 Kb7 36.Rad1 Na6 37.Bd3 f5 38.Rb1 Re1 39.Rbb2 Ra1 40.Ra2 Ree1 
41.Be2 Reb1+ 42.Ka4 Rb4+ 43.Ka3 Rab1 44.Rab2 R4xb2 45.Rxb2 Rxb2 46.Kxb2 
Nc7 47.f3 b5 48.cxb5 Nxd5 49.g4 Nf4 50.Bd1 fxg4 51.fxg4 Kb6 52.gxh5 gxh5 
53.Ba4 Ng6 54.Kc3 Nxh4 55.Bd1 Ng6 56.Bxh5 Ne5 0-1

[Event "5th American Continental"]
[Site "Sao Paulo BRA"]
[Date "2009.07.27"]
[Round "4.115"]
[White "Costa, Joao Carlos da"]
[Black "Mello, Rodrigo de"]
[Result "1-0"]
[WhiteElo "2007"]
[BlackElo "1819"]
[EventDate "2009.07.25"]
[PlyCount "91"]

1.e4 c6 2.c4 d5 3.cxd5 cxd5 4.Qa4+ Nc6 5.Bb5 d4 6.Nf3 a6 7.Bxc6+ bxc6 8.
Qxc6+ Bd7 9.Qd5 Bb5 10.Qxd4 Nf6 11.Nc3 Bd3 12.e5 Qxd4 13.Nxd4 Ng4 14.e6 
Rd8 15.exf7+ Kxf7 16.Nde2 e6 17.h3 Nf6 18.O-O Bc5 19.Re1 e5 20.Ng3 Rhe8 
21.Nge4 Nxe4 22.Nxe4 Bd4 23.a4 Kg8 24.Ra3 Bxe4 25.Rxe4 Rf8 26.Re2 Rc8 27.
Ra1 Rc2 28.Kf1 Rfc8 29.Re1 Bxb2 30.Bxb2 Rxb2 31.Rxe5 Rxd2 32.Rb1 Rcc2 33.
Rf5 g6 34.Rf4 Ra2 35.g4 Rd5 36.Rb8+ Kg7 37.Rb7+ Kg8 38.h4 Rdd2 39.g5 Rd6 
40.Rbf7 Rd8 41.Ra7 Rd6 42.Rc4 Rd8 43.Rxa6 Rf8 44.f4 Rb8 45.Rc1 Rbb2 46.
Rc8+ 1-0

[Event "5th American Continental"]
[Site "Sao Paulo BRA"]
[Date "2009.07.27"]
[Round "4.116"]
[White "Zanetti, Joao Carlos Pereira"]
[Black "Reis, Ernesto Guevara"]
[Result "1/2-1/2"]
[WhiteElo "1746"]
[BlackElo "1985"]
[EventDate "2009.07.25"]
[PlyCount "143"]

1.d4 c5 2.d5 d6 3.c4 b5 4.cxb5 a6 5.e4 Nf6 6.Nc3 g6 7.Nf3 Bg7 8.Bd3 O-O 9.
O-O Nbd7 10.Qe2 Qb6 11.Bd2 axb5 12.Bxb5 Ba6 13.Bxa6 Rxa6 14.Nd1 Rfa8 15.a3
Qb7 16.Re1 Nb6 17.Qb5 Nfd7 18.Re3 c4 19.Bc3 f6 20.Nd2 Qc8 21.Rh3 R8a7 22.
Ne3 Rc7 23.a4 Nc5 24.Nexc4 Nxc4 25.Qxc4 Nxa4 26.Qf1 Nc5 27.Rxa6 Nxa6 28.
Re3 Nc5 29.Ba5 Ra7 30.b4 Nb7 31.Qc4 Qg4 32.f3 Qf4 33.Qc8+ Bf8 34.Qe6+ Kg7 
35.Nf1 Nxa5 36.bxa5 Rxa5 37.g3 Qe5 38.Qxe5 fxe5 39.Re2 Kf6 40.Ne3 h5 41.h4
Bh6 42.Nc4 Rb5 43.Rb2 Rc5 44.Rc2 e6 45.dxe6 Kxe6 46.Na3 Ra5 47.Nc4 Ra4 48.
Nb6 Be3+ 49.Kf1 Bxb6 50.Rc8 Ra3 51.Kg2 Ra2+ 52.Kh3 Rf2 53.Rf8 Ke7 54.Rb8 
Bd4 55.Rb3 Ke6 56.g4 Re2 57.gxh5 gxh5 58.Rb8 Bg1 59.Rh8 Be3 60.Rxh5 d5 61.
exd5+ Kxd5 62.Rh8 Bf4 63.Rd8+ Kc4 64.Kg4 Rd2 65.Rc8+ Kd3 66.Rd8+ Ke3 67.
Rxd2 Kxd2 68.h5 Ke3 69.Kf5 Kd4 70.Ke6 Bh6 71.Kf5 Kd5 72.Kf6 1/2-1/2